| 000 | 00848nam a22002057a 4500 | ||
|---|---|---|---|
| 999 |
_c5412 _d5412 |
||
| 003 | AR-CdUCM | ||
| 008 | 190312b ||||| |||| 00| 0 spa d | ||
| 040 |
_aMUNICIPALIDAD PROVINCIAL DEL CUSCO _cBIBLIOTECA MUNICIPAL DEL CUSCO |
||
| 082 |
_a338.479 / _bC26 |
||
| 100 |
_aCárdenas Tabares, Fabio _911714 |
||
| 245 |
_aProducto Turístico : _bAplicacion de la Estadistica y del muestreo para su diseño / |
||
| 260 |
_aMéxico : _bTrillas _c1995. |
||
| 300 |
_a300 páginas ; _c24 cm. |
||
| 505 | _aContenido : Proyecciones Estadisticas del Turismo -- Estadisgrafos de dispersion -- Costo del estado de mercados turisticos -- Informacion Complementaria del estudio de Mercados del Turismo... | ||
| 650 |
_aTurismo _94560 |
||
| 650 |
_aEconomia del Turismo _916304 |
||
| 650 |
_aFinanzas en el Turismo _916305 |
||
| 942 |
_2ddc _cLIBROS |
||
| 945 | _artm | ||